Principios de economía política y tributación./ (Registro nro. 7905)
[ vista simple ]
| 000 -LEADER | |
|---|---|
| fixed length control field | 02172nam a2200205Ia 4500 |
| 005 - FECHA Y HORA DE LA ÚLTIMA TRANSACCIÓN | |
| control field | 20250708092711.0 |
| 008 - FIXED-LENGTH DATA ELEMENTS--GENERAL INFORMATION | |
| fixed length control field | 230420s9999 xx 000 0 und d |
| 020 ## - INTERNATIONAL STANDARD BOOK NUMBER | |
| International Standard Book Number | 9681618904 |
| 040 ## - CATALOGING SOURCE | |
| Original cataloging agency | UPAN |
| Transcribing agency | Biblioteca San Vicente |
| Description conventions | RCAA2 |
| 041 ## - LANGUAGE CODE | |
| Language code of text/sound track or separate title | spa |
| 082 ## - DEWEY DECIMAL CLASSIFICATION NUMBER | |
| Classification number | 336.2 |
| Item number | R533p |
| año de publicación | 1994 |
| 100 ## - MAIN ENTRY--PERSONAL NAME | |
| Personal name | Ricardo, David |
| Relator code | aut. |
| 245 #0 - TITLE STATEMENT | |
| Title | Principios de economía política y tributación./ |
| Remainder of title | David Ricardo |
| 250 ## - EDITION STATEMENT | |
| Edition statement | 1° ed., 5° reimp |
| 260 ## - PUBLICATION, DISTRIBUTION, ETC. (IMPRINT) | |
| Place of publication, distribution, etc | Mexico: |
| Name of publisher, distributor, etc | Fondo de cultura económica, |
| Date of publication, distribution, etc | 1994 |
| 300 ## - PHYSICAL DESCRIPTION | |
| Extent | 332 p.: |
| Dimensions | 21 cm. |
| 505 ## - FORMATTED CONTENTS NOTE | |
| Formatted contents note | Capitulo I. Sobre el valor<br/>Capitulo II. Sobre la renta<br/>Capitulo III. Sobre la renta de las minas<br/>Capitulo IV. Sobre el precio natural y el precio de mercado<br/>Capitulo V. Sobre salarios<br/>Capitulo VI. Sobre las utilidades<br/>Capitulo VII. Sobre comercio exterior <br/>Capitulo VIII. Sobre los impuestos<br/>Capitulo IX. Impuestos sobre productos primos<br/>Capitulo X. Impuestos sobre la renta de la tierra<br/>Capitulo XI. Diezmos<br/>Capitulo XII. Impuesto predial<br/>Capitulo XIII. Impuestos sobre el oro<br/>Capitulo XIV. Impuestos sobre viviendas<br/>Capitulo XV. Impuestos sobre la utilidad<br/>Capitulo XVI. Impuestos sobre salarios<br/>Capitulo XVII. Impuestos sobre artículos distintos del producto primo<br/>Capitulo XVIII. Impuestos de pobres<br/>Capitulo XIX. Sobre los cambios repentinos en los canales del comercio<br/>Capitulo XX. Valor y riqueza, sus propiedades distintivas<br/>Capitulo XXI. Efectos de la acumulación sobre las utilidades y el interés<br/>Capitulo XXII. Primas a la exportación y prohibiciones a la importación<br/>Capitulo XXIII. Primas sobre la producción<br/>Capitulo XXIV. Doctrina de Adam Smith acerca de la renta de la tierra´<br/>Capitulo XXV. Del comercio colonial<br/>Capitulo XXVI. Del ingreso bruto y del ingreso neto<br/>Capitulo XXVII. De la moneda y de los bancos<br/>Capitulo XXVIII. Del valor comparativo del oro, de los cereales y del trabajo en los países ricos y pobres<br/>Capitulo XXIX. Impuestos pagados por el productor<br/>Capitulo XXX. De la influencia de la oferta y la demanda sobre los precios<br/>Capitulo XXXI. De la maquinaria<br/>Capitulo XXXII. Opiniones del Sr. Malthus sobre la renta |
| 650 ## - SUBJECT ADDED ENTRY--TOPICAL TERM | |
| Source of heading or term | LEMB |
| Topical term or geographic name as entry element | Economia |
| 942 ## - ADDED ENTRY ELEMENTS (KOHA) | |
| Koha item type | Libros |
| Source of classification or shelving scheme | Dewey Decimal Classification |
| Withdrawn status | Lost status | Source of classification or shelving scheme | Damaged status | Not for loan | Collection code | Home library | Current library | Date acquired | Total Checkouts | Full call number | Barcode | Date last seen | Price effective from | Koha item type |
|---|---|---|---|---|---|---|---|---|---|---|---|---|---|---|
| Dewey Decimal Classification | Colección General | Biblioteca UPAN San Vicente | Biblioteca UPAN San Vicente | 20/04/2023 | 336.2 R533p | 12000437 | 20/04/2023 | 20/04/2023 | Libros |